[Event "XVIII. DBMM Schach"]
[Site "Altenberg OT Zinnwald"]
[Date "2018.11.09"]
[Round "3.2"]
[White "Piepenburg, Rolf"]
[Black "Hortolani, Sven Holger"]
[Result "0-1"]
[WhiteElo "1984"]
[BlackElo "2140"]
[Annotator "br"]
[PlyCount "44"]
[EventDate "2018.11.??"]
[EventType "team-swiss"]
[EventRounds "7"]
[EventCountry "GER"]
[SourceTitle "XVIII. DBMM 2018"]
[Source "FV Schach e.V."]
[SourceDate "2018.11.12"]
[SourceVersion "1"]
[SourceVersionDate "2018.11.12"]
[SourceQuality "1"]
[WhiteTeam "BSG Commerzbank Frankfurt"]
[BlackTeam "EKJ Herne und Wanne-Eickel"]
[WhiteTeamCountry "GER"]
[BlackTeamCountry "GER"]

1. Nf3 Nf6 2. d4 c5 3. e3 e6 4. Bd3 Nc6 5. O-O d5 6. c3 Bd6 7. Nbd2 cxd4 8.
exd4 O-O 9. Re1 Nd7 10. c4 Qf6 11. Nf1 Bf4 12. cxd5 exd5 13. Ng3 g6 14. Ne2
Bxc1 15. Rxc1 Nb6 16. Bb1 Bg4 17. Rc3 Rfe8 18. h3 Bxf3 19. Rxf3 Qg7 20. Qd2 Re7
21. Rd1 Nc4 22. Qc2 Rae8 0-1

[Event "XVIII. DBMM Schach"]
[Site "Altenberg OT Zinnwald"]
[Date "2018.11.09"]
[Round "3.3"]
[White "Leveikina, Jevgenija"]
[Black "Brauer, Frank"]
[Result "1-0"]
[WhiteElo "2110"]
[BlackElo "1791"]
[Annotator "br"]
[PlyCount "135"]
[EventDate "2018.11.??"]
[EventType "team-swiss"]
[EventRounds "7"]
[EventCountry "GER"]
[SourceTitle "XVIII. DBMM 2018"]
[Source "FV Schach e.V."]
[SourceDate "2018.11.12"]
[SourceVersion "1"]
[SourceVersionDate "2018.11.12"]
[SourceQuality "1"]
[WhiteTeam "EKJ Herne und Wanne-Eickel"]
[BlackTeam "BSG Commerzbank Frankfurt"]
[WhiteTeamCountry "GER"]
[BlackTeamCountry "GER"]

1. d4 Nf6 2. Nf3 d5 3. c4 e6 4. cxd5 exd5 5. Nc3 Be7 6. Bf4 O-O 7. e3 Bf5 8.
Bd3 Bxd3 9. Qxd3 c6 10. O-O Nbd7 11. a3 Re8 12. b4 a6 13. Nd2 Nh5 14. Bg3 Nxg3
15. hxg3 Qc7 16. Rfc1 Qb8 17. Rab1 Bd6 18. Ne2 Nf6 19. Qf5 Qc8 20. Qxc8 Raxc8
21. Nc3 g6 22. Nb3 Rc7 23. Nc5 Bxc5 24. bxc5 Ree7 25. Rc2 Ne8 26. Rcb2 Ng7 27.
Ne2 Ne6 28. Nc1 f6 29. Nb3 Kf7 30. Na5 Nd8 $11 31. Kf1 h5 32. Ke2 Ke6 33. Kd3
Kf5 34. Nb3 Nf7 35. Nd2 Kg4 36. Rh1 Kf5 37. Nf3 Nh8 38. Rb4 Rh7 39. Rhb1 g5 40.
Nd2 Rhe7 41. f3 Rcd7 42. Rh1 Kg6 43. Rhb1 Nf7 44. Nb3 Kf5 45. Na5 Nd8 46. Rb6
Rc7 47. Nb3 Nf7 48. Nd2 Rcd7 49. Rh1 Kg6 50. Re1 Kf5 51. Nb1 Nd8 52. Nc3 Nf7
53. Rb2 Re8 54. Nd1 Re6 55. Nf2 Kg6 56. Rb3 Ree7 57. Kd2 f5 58. Nd3 Re8 59. f4
Kf6 60. Rh1 Rh8 61. Rb6 Kg6 62. Rhb1 h4 63. gxh4 Rxh4 64. Rxb7 Rxb7 65. Rxb7
Rh2 66. fxg5 Rxg2+ 67. Kc3 Ra2 68. Nf4+ 1-0

[Event "XVIII. DBMM Schach"]
[Site "Altenberg OT Zinnwald"]
[Date "2018.11.09"]
[Round "3.4"]
[White "Huebner, Detlef"]
[Black "Selmanaj, Agim"]
[Result "1-0"]
[WhiteElo "1513"]
[BlackElo "1643"]
[Annotator "br"]
[PlyCount "66"]
[EventDate "2018.11.??"]
[EventType "team-swiss"]
[EventRounds "7"]
[EventCountry "GER"]
[SourceTitle "XVIII. DBMM 2018"]
[Source "FV Schach e.V."]
[SourceDate "2018.11.12"]
[SourceVersion "1"]
[SourceVersionDate "2018.11.12"]
[SourceQuality "1"]
[WhiteTeam "BSG Commerzbank Frankfurt"]
[BlackTeam "EKJ Herne und Wanne-Eickel"]
[WhiteTeamCountry "GER"]
[BlackTeamCountry "GER"]

1. c4 g6 2. d4 Bg7 3. Nc3 d6 4. e4 Nc6 5. Be3 e5 6. d5 Nce7 7. Bd3 f5 8. f3 b6
9. Nge2 Nf6 10. Qd2 f4 11. Bf2 Bd7 12. b4 a5 13. Nb5 axb4 14. Qxb4 O-O 15. Nec3
Nc8 16. Kd2 Na7 17. a4 g5 18. a5 Nxb5 19. Nxb5 Bxb5 20. cxb5 bxa5 21. Rxa5 Rxa5
22. Qxa5 Nd7 23. Rc1 Nc5 24. Bxc5 dxc5 25. Rxc5 Rf7 26. Bc4 Kh8 27. Ke2 Bf8 28.
Rc6 Bd6 29. Qa6 Qf8 30. b6 Qb8 31. Qa7 Qxa7 32. bxa7 Rf8 33. Ra6 Bc5 1-0

[Event "XVIII. DBMM Schach"]
[Site "Altenberg OT Zinnwald"]
[Date "2018.11.09"]
[Round "3.1"]
[White "Blum, Norbert"]
[Black "Hohlfeld, Wolfgang"]
[Result "0-1"]
[WhiteElo "1956"]
[BlackElo "2056"]
[Annotator "br"]
[PlyCount "46"]
[EventDate "2018.11.??"]
[EventType "team-swiss"]
[EventRounds "7"]
[EventCountry "GER"]
[SourceTitle "XVIII. DBMM 2018"]
[Source "FV Schach e.V."]
[SourceDate "2018.11.12"]
[SourceVersion "1"]
[SourceVersionDate "2018.11.12"]
[SourceQuality "1"]
[WhiteTeam "Sparkassen-Vers. Stuttgart"]
[BlackTeam "Baubehoerde Hamburg"]
[WhiteTeamCountry "GER"]
[BlackTeamCountry "GER"]

1. e4 c5 2. c3 d5 3. exd5 Qxd5 4. d4 Nf6 5. Nf3 Bg4 6. dxc5 Qxd1+ 7. Kxd1 e5 8.
b4 e4 9. h3 Bh5 10. g4 Nxg4 11. hxg4 Bxg4 12. Kc2 exf3 13. Bc4 Be7 14. Re1 Nc6
15. Nd2 a6 16. a4 O-O 17. b5 axb5 18. axb5 Rxa1 19. bxc6 Bxc5 20. Nb3 Bf5+ 21.
Bd3 Ra2+ 22. Kb1 Bxd3+ 23. Kxa2 Ra8+ 0-1

[Event "XVIII. DBMM Schach"]
[Site "Altenberg OT Zinnwald"]
[Date "2018.11.09"]
[Round "3.2"]
[White "Hein, Ralf"]
[Black "Bischoff, Ulrich"]
[Result "0-1"]
[WhiteElo "2053"]
[BlackElo "2050"]
[Annotator "br"]
[PlyCount "100"]
[EventDate "2018.11.??"]
[EventType "team-swiss"]
[EventRounds "7"]
[EventCountry "GER"]
[SourceTitle "XVIII. DBMM 2018"]
[Source "FV Schach e.V."]
[SourceDate "2018.11.12"]
[SourceVersion "1"]
[SourceVersionDate "2018.11.12"]
[SourceQuality "1"]
[WhiteTeam "Baubehoerde Hamburg"]
[BlackTeam "Sparkassen-Vers. Stuttgart"]
[WhiteTeamCountry "GER"]
[BlackTeamCountry "GER"]

1. c4 e5 2. Nc3 Nf6 3. g3 d5 4. cxd5 Nxd5 5. Bg2 Nb6 6. Nf3 Nc6 7. O-O Be7 8.
b3 O-O 9. Bb2 f5 10. d3 Bf6 11. b4 Re8 12. b5 Nd4 13. e3 Nxf3+ 14. Bxf3 e4 15.
dxe4 Qxd1 16. Bxd1 fxe4 17. Bh5 Rd8 18. Nd1 Bxb2 19. Nxb2 Be6 20. Rfd1 Rxd1+
21. Bxd1 a6 22. bxa6 Rxa6 23. a4 Nd7 24. Be2 Rc6 25. Kf1 Rc2 26. Nd1 Ne5 27. a5
Bh3+ 28. Ke1 Nd3+ 29. Bxd3 exd3 30. Nc3 Rxc3 31. Kd2 Rc2+ 32. Kxd3 Rxf2 33. Rb1
Bc8 34. e4 Kf7 35. Rc1 c6 36. Kd4 Ke7 37. a6 bxa6 38. Rxc6 Kd7 39. Rc5 Bb7 40.
h4 Re2 41. e5 Re4+ 42. Kd3 Rg4 43. h5 Rxg3+ 44. Kd4 Rg4+ 45. Kd3 Rb4 46. e6+
Kxe6 47. Rc7 Kf6 48. h6 gxh6 49. Kc3 Rb1 50. Rxh7 Kg6 0-1

[Event "XVIII. DBMM Schach"]
[Site "Altenberg OT Zinnwald"]
[Date "2018.11.09"]
[Round "3.3"]
[White "Marten, Gero"]
[Black "Kaliski, Achim"]
[Result "1/2-1/2"]
[WhiteElo "2008"]
[BlackElo "1993"]
[Annotator "br"]
[PlyCount "95"]
[EventDate "2018.11.??"]
[EventType "team-swiss"]
[EventRounds "7"]
[EventCountry "GER"]
[SourceTitle "XVIII. DBMM 2018"]
[Source "FV Schach e.V."]
[SourceDate "2018.11.12"]
[SourceVersion "1"]
[SourceVersionDate "2018.11.12"]
[SourceQuality "1"]
[WhiteTeam "Sparkassen-Vers. Stuttgart"]
[BlackTeam "Baubehoerde Hamburg"]
[WhiteTeamCountry "GER"]
[BlackTeamCountry "GER"]

1. Nf3 f5 2. d3 Nf6 3. e4 fxe4 4. dxe4 e5 5. Nc3 d6 6. Bc4 Bg4 7. Bg5 Nbd7 8.
h3 Bh5 9. g4 Bg6 10. Nh4 c6 11. Nf5 b5 12. Bb3 Nc5 13. Qe2 Qa5 14. f3 Nxb3 15.
cxb3 O-O-O 16. O-O-O Bf7 17. Qc2 Rd7 18. Rd2 Ne8 19. Rhd1 g6 20. Ne3 Kb7 21.
Kb1 Qb6 22. Ng2 a5 23. Be3 Qc7 24. f4 Bg7 25. f5 gxf5 26. gxf5 Bf6 27. Ne1 Rg8
28. Nd3 Rd8 29. Rg1 Rxg1+ 30. Bxg1 Ng7 31. Rg2 Nh5 32. Qf2 Ra8 33. Qe3 d5 34.
Nc5+ Kc8 35. Qh6 d4 36. Qf8+ Bd8 37. Ne2 Qe7 38. Qxe7 Bxe7 39. Nd3 Bf6 40. Bh2
Kb7 41. Bxe5 Rg8 42. Rxg8 Bxg8 43. Bxf6 Nxf6 44. e5 Nd5 45. Nxd4 Kc7 46. Nc5
Nf4 47. Nde6+ Nxe6 48. Nxe6+ {In beiden Notationen folgt jetzt der
regelwidrige Zug 48. ... Pc5. Die Partie geht noch bis zum 63. Zug weiter.}
1/2-1/2

[Event "XVIII. DBMM Schach"]
[Site "Altenberg OT Zinnwald"]
[Date "2018.11.09"]
[Round "3.4"]
[White "Buchholz, Robert"]
[Black "Seifert, Martin"]
[Result "1/2-1/2"]
[WhiteElo "1967"]
[BlackElo "1995"]
[Annotator "br"]
[PlyCount "68"]
[EventDate "2018.11.??"]
[EventType "team-swiss"]
[EventRounds "7"]
[EventCountry "GER"]
[SourceTitle "XVIII. DBMM 2018"]
[Source "FV Schach e.V."]
[SourceDate "2018.11.12"]
[SourceVersion "1"]
[SourceVersionDate "2018.11.12"]
[SourceQuality "1"]
[WhiteTeam "Baubehoerde Hamburg"]
[BlackTeam "Sparkassen-Vers. Stuttgart"]
[WhiteTeamCountry "GER"]
[BlackTeamCountry "GER"]

1. d4 Nf6 2. c4 e6 3. Nf3 b6 4. g3 Bb7 5. Bg2 Bb4+ 6. Nbd2 O-O 7. O-O d5 8. Ne5
Nbd7 9. Nd3 Be7 10. cxd5 Bxd5 11. e4 Bb7 12. Re1 c5 13. e5 Nd5 14. dxc5 Nxc5
15. Nxc5 Bxc5 16. Ne4 Bb4 17. Bd2 Bxd2 18. Qxd2 Qe7 19. a3 Rad8 20. Rad1 Ba8
21. Qe2 Nc7 22. Rxd8 Rxd8 23. Rd1 h6 24. Rd3 Nd5 25. Qd2 Rc8 26. Nc3 Nxc3 27.
Rxc3 Rxc3 28. Qxc3 Bxg2 29. Kxg2 Qb7+ 30. Qf3 Qc7 31. Qa8+ Kh7 32. Qe4+ Kg8 33.
Qa8+ Kh7 34. Qe4+ Kg8 1/2-1/2

[Event "XVIII. DBMM Schach"]
[Site "Altenberg OT Zinnwald"]
[Date "2018.11.09"]
[Round "3.1"]
[White "Schmidt, Gerhard"]
[Black "Schulz, Michael"]
[Result "1/2-1/2"]
[WhiteElo "2040"]
[BlackElo "2247"]
[Annotator "ms"]
[PlyCount "69"]
[EventDate "2018.11.??"]
[EventType "team-swiss"]
[EventRounds "7"]
[EventCountry "GER"]
[WhiteTeam "Europark Altenberg/SV St.2"]
[BlackTeam "SV Osram Berlin"]
[WhiteTeamCountry "GER"]
[BlackTeamCountry "GER"]

1. Nf3 b5 2. g3 Bb7 3. Bg2 Nf6 4. O-O e6 5. d3 d5 6. e4 Be7 7. exd5 exd5 8. Nd4
a6 9. Nf5 O-O 10. Re1 Re8 11. Bg5 Nbd7 12. Nc3 h6 13. Nxe7+ Rxe7 14. Rxe7 Qxe7
15. Bxd5 Bxd5 16. Nxd5 Qd6 17. Nxf6+ Nxf6 18. Bf4 Qc6 19. Qd2 Re8 20. Qc3 Qxc3
21. bxc3 Re2 22. Rc1 Nd5 23. Kf1 Nxf4 24. gxf4 Re6 25. Re1 Rc6 26. Ke2 Rxc3 27.
Kd2 b4 28. Re4 a5 29. a4 Kf8 30. Re5 c5 31. d4 cxd4 32. Rxa5 Rf3 33. Ke2 Rc3
34. Kd2 Rf3 35. Ke2 1/2-1/2

[Event "XVIII. DBMM Schach"]
[Site "Altenberg OT Zinnwald"]
[Date "2018.11.09"]
[Round "3.2"]
[White "Jaehnisch, Frank"]
[Black "Lau, Peter"]
[Result "1-0"]
[WhiteElo "2244"]
[BlackElo "1770"]
[Annotator "br"]
[PlyCount "81"]
[EventDate "2018.11.??"]
[EventType "team-swiss"]
[EventRounds "7"]
[EventCountry "GER"]
[SourceTitle "XVIII. DBMM 2018"]
[Source "FV Schach e.V."]
[SourceDate "2018.11.12"]
[SourceVersion "1"]
[SourceVersionDate "2018.11.12"]
[SourceQuality "1"]
[WhiteTeam "SV Osram Berlin"]
[BlackTeam "Europark Altenberg/SV St.2"]
[WhiteTeamCountry "GER"]
[BlackTeamCountry "GER"]

1. d4 f5 2. Nc3 Nf6 3. Bg5 g6 4. h4 Bg7 5. h5 d5 6. hxg6 hxg6 7. Rxh8+ Bxh8 8.
Nf3 Be6 9. Qd3 Nbd7 10. Bf4 c6 11. Ne5 Nxe5 12. Bxe5 Qa5 13. f3 O-O-O 14. Qe3
Bf7 15. O-O-O e6 16. Qh6 Rg8 17. e3 Bg7 18. Qh4 Qd8 19. Qf2 Nd7 20. Bh2 Rh8 21.
Bg1 e5 22. Kb1 e4 23. fxe4 dxe4 24. Nxe4 Bxa2+ 25. Kxa2 fxe4 26. Qg3 g5 27. Bh2
Bf6 28. Be2 Qa5+ 29. Kb1 Bd8 30. Bg4 Bc7 31. Bxd7+ Kxd7 32. Qg4+ Kd8 33. Bxc7+
Kxc7 34. Qxe4 Qd5 35. Qe7+ Kb6 36. g4 Qg8 37. Qc5+ Ka6 38. d5 cxd5 39. Rxd5
Rh1+ 40. Ka2 b6 41. Qc4+ 1-0

[Event "XVIII. DBMM Schach"]
[Site "Altenberg OT Zinnwald"]
[Date "2018.11.09"]
[Round "3.3"]
[White "Wirth, Volker"]
[Black "Eisermann, Daniel"]
[Result "0-1"]
[WhiteElo "1753"]
[BlackElo "2003"]
[Annotator "de"]
[PlyCount "62"]
[EventDate "2018.11.??"]
[EventType "team-swiss"]
[EventRounds "7"]
[EventCountry "GER"]
[SourceTitle "XVIII. DBMM 2018"]
[Source "FV Schach e.V."]
[SourceDate "2018.11.12"]
[SourceVersion "1"]
[SourceVersionDate "2018.11.12"]
[SourceQuality "1"]
[WhiteTeam "Europark Altenberg/SV St.2"]
[BlackTeam "SV Osram Berlin"]
[WhiteTeamCountry "GER"]
[BlackTeamCountry "GER"]

1. d4 d5 2. c4 c6 3. Nc3 e5 4. cxd5 cxd5 5. e4 dxe4 6. dxe5 Qxd1+ 7. Nxd1 Nc6
8. Nc3 Bf5 9. Bb5 Bb4 10. Nge2 Nge7 11. O-O O-O-O 12. Bf4 Ng6 13. Bxc6 bxc6 14.
Bg5 Rd7 15. Ng3 Be6 16. Rac1 Nxe5 17. Ncxe4 Bc4 18. Rfd1 Rxd1+ 19. Rxd1 Bd5 20.
a3 Ba5 21. b4 Bc7 22. Nc5 f6 23. Be3 Nc4 24. Bc1 Re8 25. Kf1 Nd6 26. Bf4 Nb5
27. Bxc7 Kxc7 28. a4 Nd6 29. b5 Bc4+ 30. Kg1 cxb5 31. axb5 Bxb5 0-1

[Event "XVIII. DBMM Schach"]
[Site "Altenberg OT Zinnwald"]
[Date "2018.11.09"]
[Round "3.4"]
[White "Mayer, Herbert"]
[Black "Bojarzin, Christoph"]
[Result "0-1"]
[WhiteElo "1880"]
[BlackElo "1520"]
[Annotator "hm"]
[PlyCount "96"]
[EventDate "2018.11.??"]
[EventType "team-swiss"]
[EventRounds "7"]
[EventCountry "GER"]
[SourceTitle "XVIII. DBMM 2018"]
[Source "FV Schach e.V."]
[SourceDate "2018.11.12"]
[SourceVersion "1"]
[SourceVersionDate "2018.11.12"]
[SourceQuality "1"]
[WhiteTeam "SV Osram Berlin"]
[BlackTeam "Europark Altenberg/SV St.2"]
[WhiteTeamCountry "GER"]
[BlackTeamCountry "GER"]

1. f4 d5 2. b3 Nf6 3. e3 g6 4. Bb2 Bg7 5. Nf3 O-O 6. Be2 c5 7. O-O Nc6 8. Ne5
d4 9. Nxc6 bxc6 10. Bf3 Qd6 11. c4 Bf5 12. g4 Be4 13. g5 Bxf3 14. Qxf3 Nh5 15.
e4 f6 16. h4 fxg5 17. Qg4 gxf4 18. d3 Qc7 19. Nd2 e5 20. Nf3 Rae8 21. Ng5 Qe7
22. Rf2 Kh8 23. Ba3 Rf6 24. Rg2 Rg8 25. Kf2 Bf8 26. Rag1 h6 27. Nh3 Qe6 28. Qf3
Ng3 29. Rh2 Kh7 30. Ke1 Rf7 31. Nf2 Be7 32. Ng4 h5 33. Nf2 Kh6 34. Bc1 Kg7 35.
Kd1 Kf8 36. Bd2 Qc8 37. Kc2 Qd8 38. Nh1 Bxh4 39. Be1 Bg5 40. Bxg3 fxg3 41. Qxg3
Bf4 42. Qh4 Qxh4 43. Rxh4 Rh7 44. Rf1 g5 45. Rh3 Ke7 46. Nf2 g4 47. Rh4 Bg5 48.
Rhh1 h4 0-1

[Event "XVIII. DBMM Schach"]
[Site "Altenberg OT Zinnwald"]
[Date "2018.11.09"]
[Round "3.1"]
[White "Schroeder, Kai Uwe"]
[Black "Guder, Sibylle"]
[Result "1/2-1/2"]
[WhiteElo "1873"]
[BlackElo "1785"]
[Annotator "br"]
[PlyCount "65"]
[EventDate "2018.11.??"]
[EventType "team-swiss"]
[EventRounds "7"]
[EventCountry "GER"]
[SourceTitle "XVIII. DBMM 2018"]
[Source "FV Schach e.V."]
[SourceDate "2018.11.12"]
[SourceVersion "1"]
[SourceVersionDate "2018.11.12"]
[SourceQuality "1"]
[WhiteTeam "Baubehoerde Hamburg II"]
[BlackTeam "BA Tempelhof Berlin"]
[WhiteTeamCountry "GER"]
[BlackTeamCountry "GER"]

1. e4 c5 2. Nf3 d6 3. d4 cxd4 4. Qxd4 e6 5. Nc3 h6 6. Bb5+ Nc6 7. Be3 Bd7 8.
Qd2 Nf6 9. h3 a6 10. Bc4 b5 11. Bd3 Be7 12. O-O Qc7 13. Nd4 Nxd4 14. Bxd4 e5
15. Be3 Bc6 16. f3 Qd8 17. a3 Nh5 18. Rfd1 Bg5 19. Bf1 Bxe3+ 20. Qxe3 Qc7 21.
Rac1 O-O 22. Kh2 Rfd8 23. Rd2 Rac8 24. Rcd1 Rd7 25. Kg1 Rb8 26. Na2 Kf8 27. c3
Qd8 28. Nb4 Bb7 29. Nd3 Bc6 30. Nb4 Bb7 31. Nd3 Bc6 32. Nb4 Bb7 33. Nd3 1/2-1/2

[Event "XVIII. DBMM Schach"]
[Site "Altenberg OT Zinnwald"]
[Date "2018.11.09"]
[Round "3.2"]
[White "Kettenburg, Stefan"]
[Black "Hartmann, Jens"]
[Result "1/2-1/2"]
[WhiteElo "2075"]
[BlackElo "1839"]
[Annotator "br"]
[PlyCount "50"]
[EventDate "2018.11.??"]
[EventType "team-swiss"]
[EventRounds "7"]
[EventCountry "GER"]
[SourceTitle "XVIII. DBMM 2018"]
[Source "FV Schach e.V."]
[SourceDate "2018.11.12"]
[SourceVersion "1"]
[SourceVersionDate "2018.11.12"]
[SourceQuality "1"]
[WhiteTeam "BA Tempelhof Berlin"]
[BlackTeam "Baubehoerde Hamburg II"]
[WhiteTeamCountry "GER"]
[BlackTeamCountry "GER"]

1. d4 g6 2. c4 Bg7 3. e4 e5 4. d5 d6 5. Bd3 Ne7 6. Ne2 O-O 7. O-O f5 8. f4 fxe4
9. Bxe4 Bf5 10. Nbc3 Nd7 11. Ng3 Qe8 12. Bxf5 gxf5 13. Nb5 Qc8 14. fxe5 Nxe5
15. Qc2 N5g6 16. Bd2 a6 17. Nc3 Bd4+ 18. Kh1 Be5 19. Nce2 c6 20. dxc6 bxc6 21.
Rae1 Qd7 22. Nh5 Rae8 23. Bh6 Rf7 24. Qd2 Qe6 25. b3 Nf8 1/2-1/2

[Event "XVIII. DBMM Schach"]
[Site "Altenberg OT Zinnwald"]
[Date "2018.11.09"]
[Round "3.3"]
[White "Raum, Norbert"]
[Black "Baranowsky, Peter"]
[Result "0-1"]
[WhiteElo "1842"]
[BlackElo "1867"]
[Annotator "br"]
[PlyCount "162"]
[EventDate "2018.11.??"]
[EventType "team-swiss"]
[EventRounds "7"]
[EventCountry "GER"]
[SourceTitle "XVIII. DBMM 2018"]
[Source "FV Schach e.V."]
[SourceDate "2018.11.12"]
[SourceVersion "1"]
[SourceVersionDate "2018.11.12"]
[SourceQuality "1"]
[WhiteTeam "Baubehoerde Hamburg II"]
[BlackTeam "BA Tempelhof Berlin"]
[WhiteTeamCountry "GER"]
[BlackTeamCountry "GER"]

1. Nf3 g6 2. c4 Bg7 3. Nc3 Nf6 4. g3 O-O 5. Bg2 d6 6. O-O c6 7. d3 Nbd7 8. Bd2
Rb8 9. Qc1 a6 10. a4 e5 11. Bh6 Nc5 12. Bxg7 Kxg7 13. Qc2 a5 14. Nd2 Qb6 15.
Ra3 Be6 16. Nb3 Na6 17. Na2 Rbc8 18. Qd2 Nb4 19. Nxa5 c5 20. Nxb7 d5 21. Nxc5
Rxc5 22. Qxb4 Qxb4 23. Nxb4 dxc4 24. Rc1 Rfc8 25. Rac3 cxd3 26. Nxd3 Rxc3 27.
Rxc3 Rd8 28. h3 Rb8 $11 29. Nc5 Rxb2 30. Nxe6+ fxe6 31. Ra3 Nd5 32. e3 Rb1+ 33.
Kh2 Rb7 34. a5 Ra7 35. a6 Kf7 36. g4 g5 37. Kg3 Ke7 38. h4 h6 39. h5 Kd6 40.
Kf3 Nc7 41. Bf1 Kd5 42. Ra5+ Kd6 43. Bd3 Nd5 44. Rb5 Kc7 45. Rc5+ Kd6 46. Rc8
Nf6 47. e4 Nd7 48. Rd8 Kc6 49. Rh8 Nc5 50. Bc4 Nxa6 51. Rxh6 Nc5 52. Bxe6 Ra3+
53. Kg2 Nxe4 54. Bf5+ Kd5 55. Bxe4+ Kxe4 56. Rf6 Ra7 57. Rf5 Rg7 58. Rf6 Rh7
59. Rg6 Kf4 60. f3 Rf7 61. h6 Rh7 62. Kf2 e4 63. Rf6+ Ke5 64. Rf5+ Kd4 65. Rxg5
e3+ 66. Ke2 Rxh6 67. Rh5 Ra6 68. f4 Ra2+ 69. Ke1 Ke4 70. f5 Kd3 71. Kf1 Ra1+
72. Kg2 e2 73. Rh3+ Ke4 74. Rh8 Kf4 75. Re8 e1=Q 76. Rxe1 Rxe1 77. Kh3 Rh1+ 78.
Kg2 Rh4 79. f6 Rxg4+ 80. Kf2 Rg6 81. f7 Rf6 0-1

[Event "XVIII. DBMM Schach"]
[Site "Altenberg OT Zinnwald"]
[Date "2018.11.09"]
[Round "3.4"]
[White "Schmidt, Joerg"]
[Black "Hoffeins, Hans Werner"]
[Result "1-0"]
[WhiteElo "1819"]
[BlackElo "1542"]
[Annotator "br"]
[PlyCount "129"]
[EventDate "2018.11.??"]
[EventType "team-swiss"]
[EventRounds "7"]
[EventCountry "GER"]
[SourceTitle "XVIII. DBMM 2018"]
[Source "FV Schach e.V."]
[SourceDate "2018.11.12"]
[SourceVersion "1"]
[SourceVersionDate "2018.11.12"]
[SourceQuality "1"]
[WhiteTeam "BA Tempelhof Berlin"]
[BlackTeam "Baubehoerde Hamburg II"]
[WhiteTeamCountry "GER"]
[BlackTeamCountry "GER"]

1. e4 d6 2. d4 Nf6 3. Bd3 e5 4. c3 c6 5. Ne2 g6 6. O-O Bg7 7. h3 O-O 8. Be3 Re8
9. dxe5 dxe5 10. Qc2 Nh5 11. Nd2 Qc7 12. Rad1 b6 13. Nf3 h6 14. Qd2 Kh7 15. Bc4
Nf6 16. Ng3 Be6 17. Bxe6 Rxe6 18. Qd8 Ne8 $11 19. Qxc7 Nxc7 20. Rd8 Re8 21.
Rfd1 Nba6 22. Rxe8 Nxe8 23. Rd7 Kg8 24. b4 Nac7 25. a4 Ne6 26. Nd2 b5 27. axb5
cxb5 28. Rxa7 Rc8 29. Ne2 Nf4 30. Nxf4 exf4 31. Bd4 Rxc3 32. Bxc3 Bxc3 33. Nf3
Bxb4 34. Ra8 Kf8 35. Rb8 Be7 36. Rxb5 Nd6 37. Rb8+ Kg7 38. e5 Ne4 39. Rb7 Bc5
40. e6 Nd6 41. Rc7 Bb4 42. Ne5 Kf6 43. exf7 Nf5 44. f8=Q+ Bxf8 45. Nd7+ Ke7 46.
Nxf8+ Kxf8 47. Kf1 Ne7 48. Ke2 Kf7 49. Ra7 Kf6 50. Kf3 g5 51. Ra6+ Kg7 52. Kg4
Ng8 53. Kf5 Ne7+ 54. Ke6 Ng8 55. Ra7+ Kg6 56. Rf7 h5 57. h4 gxh4 58. Rxf4 Kg5
59. Rf5+ Kg6 60. f4 Kh6 61. Kf7 Kh7 62. Rxh5+ Nh6+ 63. Kf6 h3 64. Rxh3 Kg8 65.
Rxh6 1-0

[Event "XVIII. DBMM Schach"]
[Site "Altenberg OT Zinnwald"]
[Date "2018.11.09"]
[Round "3.1"]
[White "Bumes, Konrad"]
[Black "Koerlin, Hans Juergen"]
[Result "1-0"]
[WhiteElo "1949"]
[BlackElo "1878"]
[Annotator "br"]
[PlyCount "61"]
[EventDate "2018.11.??"]
[EventType "team-swiss"]
[EventRounds "7"]
[EventCountry "GER"]
[SourceTitle "XVIII. DBMM 2018"]
[Source "FV Schach e.V."]
[SourceDate "2018.11.12"]
[SourceVersion "1"]
[SourceVersionDate "2018.11.12"]
[SourceQuality "1"]
[WhiteTeam "Europaeisches Patentamt Muenchen II"]
[BlackTeam "BA Tempelhof Berlin II"]
[WhiteTeamCountry "GER"]
[BlackTeamCountry "GER"]

1. d4 Nf6 2. Nf3 c5 3. c3 g6 4. Bf4 Bg7 5. Nbd2 cxd4 6. cxd4 Nc6 7. e3 O-O 8.
Be2 d6 9. O-O Nh5 10. Bg5 Qe8 11. Re1 Bd7 12. Rc1 Rc8 13. Nb1 Nf6 14. Nc3 Qd8
15. e4 Qa5 16. d5 Ne5 17. Nxe5 dxe5 18. Qd2 Rfd8 19. Qe3 Qc5 20. Qxc5 Rxc5 21.
Be3 Ra5 22. b4 Ra3 23. Bc4 Rc8 24. Bb3 a5 25. Nb1 a4 26. Rxc8+ Bxc8 27. Nxa3
axb3 28. axb3 Nxe4 29. Nc4 Nd6 30. Nxd6 exd6 31. Ra1 1-0

[Event "XVIII. DBMM Schach"]
[Site "Altenberg OT Zinnwald"]
[Date "2018.11.09"]
[Round "3.2"]
[White "Glienke, Michael"]
[Black "Lange, Ronny"]
[Result "0-1"]
[WhiteElo "1667"]
[BlackElo "1800"]
[Annotator "br"]
[PlyCount "96"]
[EventDate "2018.11.??"]
[EventType "team-swiss"]
[EventRounds "7"]
[EventCountry "GER"]
[SourceTitle "XVIII. DBMM 2018"]
[Source "FV Schach e.V."]
[SourceDate "2018.11.12"]
[SourceVersion "1"]
[SourceVersionDate "2018.11.12"]
[SourceQuality "1"]
[WhiteTeam "BA Tempelhof Berlin II"]
[BlackTeam "Europaeisches Patentamt Muenchen II"]
[WhiteTeamCountry "GER"]
[BlackTeamCountry "GER"]

1. d4 Nf6 2. Bf4 g6 3. c4 d6 4. Nc3 Bg7 5. Nf3 O-O 6. h3 Nbd7 7. e3 c5 8. Be2
Nh5 9. Bh2 f5 10. Ng5 Ndf6 11. g4 Bh6 12. Nxh7 Kxh7 13. gxh5 g5 14. Qc2 cxd4
15. exd4 Kh8 16. O-O-O Bd7 17. Kb1 Rc8 18. Qd2 Kh7 19. f4 g4 20. hxg4 Nxg4 21.
Bg3 Nf6 22. Bh4 e6 23. Bg5 Bg7 24. Rdg1 Rg8 25. Qe1 Qb6 26. Qd2 Ne8 27. Rd1 Nf6
28. Rh3 Ne4 29. Nxe4 fxe4 30. Rb3 Qc7 31. Qb4 b5 32. c5 dxc5 33. dxc5 Bc6 34.
Bg4 a5 35. Qd2 a4 36. Re3 Bd5 37. Rc1 Qa7 38. c6 Bd4 39. Rg3 b4 40. f5 a3 41.
b3 e3 42. Bxe3 Be4+ 43. Rc2 Bxc2+ 44. Qxc2 Bxe3 45. fxe6+ Kh8 46. Rf3 Rxg4 47.
Qf5 Rg1+ 48. Rf1 Rxf1+ 0-1